000 00577nam a2200241Ia 4500
005 20260306150644.0
008 008 260114s9999 xx 000 0 eng d
020 _a9781442620940
037 _aEbook
040 _aCRL
040 _beng
040 _cCRL
041 _2eng
041 _aeng
084 _qCRL
245 4 _aThe Unfinished Mechanics of Giuseppe Moletti
260 _bUniversity of Toronto Press
260 _c2000
650 _aPhysics
856 _uhttps://www.degruyter.com/isbn/9781442620940
942 _cEBOOK
999 _c1698519
_d1698519